Welcome to UE Central Library

Keep Smiling

Beyond power on women, men, and morals (Record no. 26065)

MARC details
000 -LEADER
fixed length control field 00666nam a22001937a 4500
005 - DATE AND TIME OF LATEST TRANSACTION
control field 20260415181250.0
008 - FIXED-LENGTH DATA ELEMENTS--GENERAL INFORMATION
fixed length control field 260415b |||||||| |||| 00| 0 eng d
020 ## - INTERNATIONAL STANDARD BOOK NUMBER
International Standard Book Number 0345334051 (pbk)
040 ## - CATALOGING SOURCE
Transcribing agency UE-CL
082 ## - DEWEY DECIMAL CLASSIFICATION NUMBER
Classification number 305.42
Item number F8871
100 ## - MAIN ENTRY--PERSONAL NAME
Personal name French, Marilyn
245 ## - TITLE STATEMENT
Title Beyond power on women, men, and morals
Statement of responsibility, etc / Marilyn French
260 ## - PUBLICATION, DISTRIBUTION, ETC. (IMPRINT)
Place of publication, distribution, etc New York:
Name of publisher, distributor, etc Ballantine Books,
Date of publication, distribution, etc 1986
300 ## - PHYSICAL DESCRIPTION
Extent 640 p.
546 ## - LANGUAGE NOTE
Language note English
650 ## - SUBJECT ADDED ENTRY--TOPICAL TERM
Topical term or geographic name as entry element Beyond--Power--Women--Men--Morals
942 ## - ADDED ENTRY ELEMENTS (KOHA)
Koha item type Books
505 ## - FORMATTED CONTENTS NOTE
Formatted contents note Chapter one: The long view back: Matricentry<br/>Chapter Two: The Fall: Patriarchy<br/>Chapter Three: Women Under Patriarchy<br/>Chapter Four: Men under patriarchy
Holdings
Withdrawn status Damaged status Not for loan Home library Current library Date acquired Full call number Barcode Date last seen Price effective from Koha item type
    Not For Loan UE-Central Library UE-Central Library 15.04.2026 305.42 F8871 T6175D 15.04.2026 15.04.2026 Books
Copyright © 2023, University of Education, Lahore. All Rights Reserved.
Email:centrallibrary@ue.edu.pk